Česká cesta k euru: bezpečného přístavu na palubu velkého parníku

Prijatie spoločnej meny a spor teórii a ekonomických záujmov. Argumenty pre a proti prijatu eura v Českej republike. Tretia inštitucionálna zmena v posledných 20 rokoch. Základné kriériá pre vstup ČR do EMÚ. Stav plnenia maastrichtských kritérií pre Českú republiku.

Saved in:
Bibliographic Details
Main Author: Klvačová, Eva
Format: Book Chapter
Language:Czech
Subjects:
Tags: Add Tag
No Tags, Be the first to tag this record!

MARC

LEADER 00000naa$a2200000$$$4500
001 0093817
005 20220713132123.5
041 0 |a cze 
044 |a CZ 
245 1 0 |a Česká cesta k euru: bezpečného přístavu na palubu velkého parníku  |c Eva Klvačová 
520 |a Prijatie spoločnej meny a spor teórii a ekonomických záujmov. Argumenty pre a proti prijatu eura v Českej republike. Tretia inštitucionálna zmena v posledných 20 rokoch. Základné kriériá pre vstup ČR do EMÚ. Stav plnenia maastrichtských kritérií pre Českú republiku. 
610 2 0 |a Európska menová únia 
610 2 0 |a Česko 
610 2 0 |a euro 
610 2 0 |a záujmy ekonomické 
100 1 |a Klvačová, Eva